000 00524nam a2200181Ia 4500
999 _c6448
_d6448
003 OSt
005 20200107133827.0
008 190216s9999||||xx |||||||||||||| ||und||
020 _a818054009X
040 _coclc
082 _a658.15
_bMAH/E
100 _aMaheshwari, S N
_91048
245 0 _aElements Of Management Accounting /
_cDr. S N Maheshwari
260 _bSultan Chand & Sons,
_c2002.
_aNew Delhi:
300 _a475p
650 _aManagement
942 _cBK
_2ddc
_h658.15
_iMAH/E
_k658.15
_mMAH/E